Largest Counties in U.S. States by Land Area Quiz - Statistics

General Stats
  • This quiz has been taken 36 times
  • The average score is 12 of 50
Answer Stats
State Size (Square Km) County % Correct
California 52,070 San Bernardino
90%
Hawaii 10,432 Hawaii
55%
Arizona 48,330 Coconino
48%
Rhode Island 1,129 Providence
45%
Minnesota 17,767 Saint Louis
41%
Delaware 3,098 Sussex
41%
New Hampshire 4,740 Coos
34%
Alaska 230,035 North Slope
34%
Nevada 47,135 Nye
34%
New York 7,306 St. Lawrence
34%
Maine 17,684 Aroostook
31%
Alabama 5,250 Baldwin
31%
Oregon 26,485 Harney
31%
Idaho 22,023 Idaho
31%
Connecticut 2,448 Litchfield
31%
Maryland 1,800 Worcester
31%
Massachusetts 4,090 Worcester
31%
Indiana 1,709 Allen
28%
New Jersey 2,123 Burlington
28%
Florida 5,268 Palm Beach
28%
Nebraska 15,440 Cherry
24%
Kentucky 2,044 Pike
24%
Arkansas 2,733 Union
24%
Texas 16,037 Brewster
21%
Kansas 3,748 Butler
21%
Iowa 2,523 Kossuth
21%
Colorado 12,363 Las Animas
21%
Tennessee 2,033 Shelby
21%
Georgia 2,352 Ware
21%
Ohio 3,543 Ashtabula
17%
South Carolina 3,250 Horry
17%
Michigan 15,452 Keweenaw
17%
Washington 13,766 Okanogan
17%
Oklahoma 5,830 Osage
17%
Vermont 2,530 Windsor
17%
New Mexico 17,946 Catron
14%
North Carolina 4,048 Dare
14%
Illinois 3,072 McLean
14%
Louisiana 6,648 Plaquemines
14%
Utah 20,546 Utah
14%
Mississippi 2,419 Yazoo
14%
Montana 14,431 Beaverhead
10%
Wisconsin 4,082 Marathon
10%
Virginia 2,533 Pittsylvania
10%
West Virginia 2,694 Randolph
10%
Wyoming 27,172 Sweetwater
10%
Missouri 3,050 Texas
10%
Pennsylvania 2,945 Tioga
10%
North Dakota 7,410 McKenzie
7%
South Dakota 9,021 Meade
7%
No matching quizzes found
Score Distribution
Percent of People with Each Score
Percentile by Number Answered
Your Score History
You have not taken this quiz